000
00287nam a22001097a 4500
008
160420b xxu||||| |||| 00| 0 eng d
020
_a
9780323053532
041
_a
eng
080
_a
618.2
245
1
0
_a
Essentials pediatric nursing:
_c
Marilyn J. Hockenberry; David Wilson;
942
_2
udc
_c
BK
999
_c
1452
_d
1452